| 000 | 01043nam a2200313 i 4500 | ||
|---|---|---|---|
| 001 | 66865 | ||
| 003 | ES-MaACL | ||
| 005 | 20250812085438.0 | ||
| 007 | t| | ||
| 008 | 030916s2003 sp ||||0| spa d | ||
| 020 | _a84-8164-594-X | ||
| 020 | _a84-8338-406-X | ||
| 080 | _a294.118.7 | ||
| 130 | 0 |
_aUpanishads. _lEspañol. _kSelección. _9125353 |
|
| 245 | 1 | 3 |
_aLa sabiduría del bosque : _bantología de las principales "upanisáds" / _cedición y traducción de Félix G. Ilárraz y Óscar Pujol. |
| 260 |
_aMadrid : _bTrotta ; _a[Barcelona] : _bEdicions de la Universitat de Barcelona, _c[2003] |
||
| 300 |
_a374 p. ; _c23 cm. |
||
| 490 | 1 | _aPliegos de Oriente | |
| 500 | _aIndice. | ||
| 504 | _aBibliografía: p. 333-338. | ||
| 650 | 4 |
_aVedanta. _9163859 |
|
| 650 | 7 |
_aHinduismo _2embne _9136230 |
|
| 700 | 1 |
_aIlárraz, Félix G. _965166 |
|
| 700 | 1 |
_aPujol, Oscar. _994346 |
|
| 710 | 2 |
_aUniversidad de Barcelona. _97141 |
|
| 830 | 1 |
_aPliegos de Oriente _9183007 |
|
| 852 |
_aES-MaACL _jL-26312 |
||
| 999 |
_c66865 _d66865 |
||